| 000 | 00506cam a2200193ua 4500 | ||
|---|---|---|---|
| 001 | 6663 | ||
| 008 | 140308n ii |||gr||||Z||||||eng | ||
| 020 | _a81-219-0624-5 | ||
| 040 | _cMAIN | ||
| 082 | _a519.5 | ||
| 245 |
_aPractical statistics _cBy S.P. Gupta |
||
| 250 | _a7th rev ed. | ||
| 260 |
_aNew delhi: _bS. Chand & company ltd., _c1994. |
||
| 300 | _aviii,560p. | ||
| 653 | _aProbabilities & applied mathematics | ||
| 653 | _aPractical statistics | ||
| 700 |
_aGupta,S.P., _eAuthor. |
||
| 942 | _cBK | ||
| 999 |
_c5812 _d5812 |
||